[Event "Titled Tuesday intern op 05th Sep Late"]
[Site "Chess.com INT"]
[Date "2023.09.05"]
[Round "1"]
[White "Mahdavi, Reza"]
[Black "Forgacs, Attila Jr"]
[Result "1-0"]
[WhiteElo "2302"]
[BlackElo "2265"]
[PlyCount "65"]
[EventDate "2023.09.05"]
[EventType "swiss (blitz)"]
[EventRounds "11"]
[EventCountry "USA"]
[SourceTitle "EXT 2024"]
[Source "ChessBase"]
[SourceDate "2023.10.10"]
[SourceVersion "1"]
[SourceVersionDate "2023.10.10"]
[SourceQuality "1"]

1. Nf3 Nf6 2. g3 g6 3. b3 Bg7 4. Bb2 0-0 5. Bg2 d6 6. d4 Nc6 7. 0-0 e5 8. dxe5 Ng4 9. Qd2 Ngxe5 10. Nxe5 dxe5 11. Rd1 Qxd2 12. Rxd2 Bf5 13. Na3 Rfd8 14. Rad1 Rxd2 15. Rxd2 a6 16. Bxc6 bxc6 17. Nc4 f6 18. Na5 Be4 19. f3 Bh6 20. Rd7 Be3+ 21. Kf1 Bxc2 22. Nxc6 Bb6 23. e4 Bb1 24. Ne7+ Kf8 25. Nd5 Bxa2 26. Ba3+ c5 27. Nxb6 Rb8 28. Bxc5+ Ke8 29. Re7+ Kd8 30. Rxh7 Bxb3 31. Rh8+ Kc7 32. Bd6+ Kxb6 33. Rxb8+ 1-0

[Event "Titled Tuesday intern op 29th Aug Early"]
[Site "Chess.com INT"]
[Date "2023.08.29"]
[Round "1"]
[White "Forgacs, Attila Jr"]
[Black "Fier, Alexandr"]
[Result "0-1"]
[WhiteElo "2265"]
[BlackElo "2600"]
[PlyCount "166"]
[EventDate "2023.08.29"]
[EventType "swiss (blitz)"]
[EventRounds "11"]
[EventCountry "USA"]
[SourceTitle "EXT 2024"]
[Source "ChessBase"]
[SourceDate "2023.10.10"]
[SourceVersion "1"]
[SourceVersionDate "2023.10.10"]
[SourceQuality "1"]

1. e4 Nf6 2. e5 Nd5 3. d4 d6 4. Nf3 g6 5. Bc4 Nb6 6. Bb3 Bg7 7. 0-0 0-0 8. c3 Bg4 9. exd6 cxd6 10. h3 Bxf3 11. Qxf3 Nc6 12. Bg5 d5 13. Re1 Qd7 14. Nd2 e6 15. Bf6 Nc8 16. Bxg7 Kxg7 17. Re2 Nd6 18. Rae1 Qd8 19. Bc2 Qf6 20. Qg3 b5 21. Nf3 Nf5 22. Bxf5 Qxf5 23. Ne5 Nxe5 24. Qxe5+ Qxe5 25. dxe5 a5 26. f4 b4 27. cxb4 axb4 28. b3 Rfc8 29. Kf2 Rc3 30. Rd2 h6 31. h4 g5 32. hxg5 hxg5 33. g3 Kg6 34. Re3 gxf4 35. gxf4 Kf5 36. Kf3 Rh8 37. Rxc3 bxc3 38. Rc2 Rh3+ 39. Kg2 Rd3 40. Kf2 d4 41. a4 Rd1 42. Ke2 Rb1 43. Kd3 Rxb3 44. Kxd4 Rb4+ 45. Kxc3 Rxa4 46. Re2 Rxf4 47. Kd3 Rf3+ 48. Kd4 Kf4 49. Re4+ Kf5 50. Re2 Rf1 51. Kc5 Rd1 52. Kc6 Rd5 53. Rf2+ Kxe5 54. Rxf7 Rd4 55. Rf1 Ke4 56. Re1+ Kf5 57. Kc5 e5 58. Rh1 Ra4 59. Rh5+ Kf6 60. Kd5 Rd4+ 61. Kc5 Rd8 62. Kc4 e4 63. Kc3 Ke6 64. Kc2 Rd3 65. Rh8 Ke5 66. Rf8 Kd4 67. Rd8+ Ke3 68. Rh8 Rd7 69. Rh3+ Kf2 70. Rh2+ Kg3 71. Re2 Kf3 72. Rh2 e3 73. Rh6 e2 74. Rf6+ Kg2 75. Rg6+ Kf2 76. Rf6+ Ke1 77. Kc1 Rc7+ 78. Kb2 Rc5 79. Rf8 Kd2 80. Rd8+ Ke3 81. Re8+ Kd3 82. Rd8+ Ke4 83. Rd1 exd1Q 0-1

[Event "Titled Tuesday intern op 29th Aug Early"]
[Site "Chess.com INT"]
[Date "2023.08.29"]
[Round "11"]
[White "Forgacs, Attila Jr"]
[Black "Vaibhav, Jayant Raut"]
[Result "0-1"]
[WhiteElo "2265"]
[BlackElo "2147"]
[PlyCount "56"]
[EventDate "2023.08.29"]
[EventType "swiss (blitz)"]
[EventRounds "11"]
[EventCountry "USA"]
[SourceTitle "EXT 2024"]
[Source "ChessBase"]
[SourceDate "2023.10.10"]
[SourceVersion "1"]
[SourceVersionDate "2023.10.10"]
[SourceQuality "1"]

1. e4 c5 2. Nf3 d6 3. d4 cxd4 4. Nxd4 Nc6 5. c4 Nf6 6. Nc3 g6 7. Be3 Bg7 8. Qd2 Ng4 9. Nxc6 bxc6 10. Bd4 e5 11. Be3 Nxe3 12. Qxe3 h5 13. Be2 0-0 14. 0-0 Rb8 15. b3 Qa5 16. Rad1 Rd8 17. c5 Be6 18. cxd6 Bf8 19. Rd2 Rxd6 20. Rxd6 Bxd6 21. Na4 Bf8 22. Rd1 Rd8 23. Rxd8 Qxd8 24. Qxa7 Qd2 25. Qe3 Qxa2 26. Bd1 Qb1 27. Nc3 Qa1 28. h3 Bb4 0-1

[Event "Speed Chess Q2 Sw"]
[Site "Chess.com INT"]
[Date "2023.08.23"]
[Round "2"]
[White "Forgacs, Attila Jr"]
[Black "Hernandez Gonzalez, William"]
[Result "0-1"]
[WhiteElo "2265"]
[BlackElo "2489"]
[PlyCount "72"]
[EventDate "2023.08.23"]
[EventType "swiss (blitz)"]
[EventRounds "14"]
[EventCountry "USA"]
[SourceTitle "CBM 215 Extra"]
[Source "ChessBase"]
[SourceDate "2023.09.30"]
[SourceVersion "1"]
[SourceVersionDate "2023.09.30"]
[SourceQuality "1"]

1. e4 c5 2. Nf3 d6 3. d4 cxd4 4. Nxd4 Nf6 5. Nc3 g6 6. Be3 Bg7 7. f3 a6 8. Qd2 b5 9. 0-0-0 Nbd7 10. g4 Bb7 11. h4 Qc7 12. h5 Rg8 13. hxg6 hxg6 14. Be2 Rc8 15. Kb1 Nb6 16. g5 Nfd7 17. f4 b4 18. Nd5 Bxd5 19. exd5 Nxd5 20. Rc1 Nc3+ 21. Ka1 Nxe2 22. Qxe2 Nc5 23. f5 gxf5 24. Nxf5 Bxb2+ 25. Kb1 Be5 26. g6 Rxg6 27. Bf4 Re6 28. Bxe5 Rxe5 29. Rh8+ Kd7 30. Rxc8 Qxc8 31. Qg4 Kc7 32. Rf1 Ne4 33. Ne3 Nd2+ 34. Kc1 Qxg4 35. Nxg4 Nxf1 36. Nxe5 dxe5 0-1

[Event "Speed Chess Q2 Sw"]
[Site "Chess.com INT"]
[Date "2023.08.23"]
[Round "4"]
[White "Petersson, Kjell"]
[Black "Forgacs, Attila Jr"]
[Result "0-1"]
[WhiteElo "2040"]
[BlackElo "2265"]
[PlyCount "68"]
[EventDate "2023.08.23"]
[EventType "swiss (blitz)"]
[EventRounds "14"]
[EventCountry "USA"]
[SourceTitle "CBM 215 Extra"]
[Source "ChessBase"]
[SourceDate "2023.09.30"]
[SourceVersion "1"]
[SourceVersionDate "2023.09.30"]
[SourceQuality "1"]

1. d4 Nf6 2. Bf4 g6 3. Nc3 d5 4. e3 Bg7 5. Nb5 Na6 6. Nc3 0-0 7. Bxa6 bxa6 8. Be5 c5 9. dxc5 Qa5 10. Qd4 Bf5 11. Rc1 Rfc8 12. b4 Qa3 13. Nge2 a5 14. 0-0 Qxb4 15. Na4 Bd7 16. Nec3 Qxd4 17. exd4 Ne4 18. Nxd5 Bxa4 19. Nxe7+ Kf8 20. Nxc8 Bxe5 21. dxe5 Rxc8 22. Rfe1 Nxc5 23. f4 Ne6 24. g3 Rxc2 25. Rxc2 Bxc2 26. Rc1 Bd3 27. Kf2 a6 28. Ke3 Bb5 29. Ke4 Ke7 30. Rc8 h5 31. h3 Bf1 32. h4 Kd7 33. Rb8 Kc7 34. Ra8 Bg2+ 0-1

[Event "Titled Tuesday intern op 22nd Aug Early"]
[Site "Chess.com INT"]
[Date "2023.08.22"]
[Round "5"]
[White "Forgacs, Attila Jr"]
[Black "Shapiro, Daniel E"]
[Result "1-0"]
[WhiteElo "2265"]
[BlackElo "2284"]
[PlyCount "95"]
[EventDate "2023.08.22"]
[EventType "swiss (blitz)"]
[EventRounds "11"]
[EventCountry "USA"]
[SourceTitle "EXT 2024"]
[Source "ChessBase"]
[SourceDate "2023.10.10"]
[SourceVersion "1"]
[SourceVersionDate "2023.10.10"]
[SourceQuality "1"]

1. e4 c5 2. Nf3 d6 3. d4 cxd4 4. Nxd4 Nf6 5. Nc3 Nc6 6. Bg5 Qb6 7. Ndb5 a6 8. Be3 Qa5 9. Na3 b5 10. Bd3 e6 11. 0-0 Qc7 12. Ne2 Bb7 13. f3 Be7 14. Rc1 b4 15. Nc4 0-0 16. Bb6 Qb8 17. Nf4 Ne5 18. Nxe5 dxe5 19. Ne2 Bxe4 20. Bf2 Bd5 21. c4 Bc6 22. Bb1 Rd8 23. Qc2 g6 24. Ng3 Qb7 25. Rce1 Bd6 26. Be3 Nd7 27. Ne4 Be7 28. Rd1 Qc7 29. Ng5 Rac8 30. Kh1 a5 31. b3 a4 32. f4 axb3 33. axb3 exf4 34. Bxf4 e5 35. Be3 Nf6 36. Qf2 Rxd1 37. Rxd1 Rd8 38. Rf1 Rd6 39. Qh4 h5 40. Bc2 Ng4 41. Nxf7 Bxh4 42. Nxd6 Qxd6 43. Rd1 Qe7 44. Rd8+ Qxd8 45. Bxg6 Qe7 46. Bf7+ Qxf7 47. Bf4 Nf2+ 48. Kg1 1-0

[Event "Titled Tuesday intern op 22nd Aug Early"]
[Site "Chess.com INT"]
[Date "2023.08.22"]
[Round "2"]
[White "Senft, Sean"]
[Black "Forgacs, Attila Jr"]
[Result "1-0"]
[WhiteElo "2146"]
[BlackElo "2265"]
[PlyCount "121"]
[EventDate "2023.08.22"]
[EventType "swiss (blitz)"]
[EventRounds "11"]
[EventCountry "USA"]
[SourceTitle "EXT 2024"]
[Source "ChessBase"]
[SourceDate "2023.10.10"]
[SourceVersion "1"]
[SourceVersionDate "2023.10.10"]
[SourceQuality "1"]

1. d4 Nf6 2. c4 g6 3. Nc3 d5 4. Bg5 Ne4 5. Bh4 Nxc3 6. bxc3 dxc4 7. e3 b5 8. a4 Qd5 9. axb5 Qxb5 10. Nf3 Bg7 11. Nd2 Be6 12. Rb1 Qa5 13. Qc2 Nc6 14. Bxc4 Bxc4 15. Nxc4 Qh5 16. Bg3 0-0 17. 0-0 e5 18. Rb7 Rfc8 19. Qa4 Nd8 20. Rxa7 Rxa7 21. Qxa7 exd4 22. cxd4 Ne6 23. Be5 Qe2 24. Bxg7 Qxc4 25. Be5 c5 26. Qe7 cxd4 27. Qf6 Kf8 28. exd4 h5 29. h3 Rd8 30. Qh8+ Ke7 31. Bf6+ Kd7 32. Bxd8 Nxd8 33. Qf6 Nc6 34. Re1 Qd5 35. Ra1 Qxd4 36. Qxd4+ Nxd4 37. Rd1 Ke6 38. Rxd4 Ke5 39. Ra4 f5 40. Kf1 Kf6 41. Ke2 h4 42. Kf3 g5 43. g4 f4 44. Ra6+ Ke5 45. Ra5+ Kd4 46. Rxg5 Kd3 47. Kxf4 Ke2 48. Rh5 Kf1 49. Rxh4 Kg2 50. Rh5 Kf1 51. Re5 Kg2 52. g5 Kxh3 53. g6 Kg2 54. g7 Kf1 55. f3 Kf2 56. Kg4 Kg2 57. Re2+ Kf1 58. Ra2 Kg1 59. f4 Kh1 60. Kg3 Kg1 61. Ra1# 1-0

[Event "Titled Tuesday intern op 11th Jul Late"]
[Site "Chess.com INT"]
[Date "2023.07.11"]
[Round "2"]
[White "Forgacs, Attila Jr"]
[Black "Sarkar, Justin"]
[Result "1-0"]
[WhiteElo "2265"]
[BlackElo "2307"]
[PlyCount "65"]
[EventDate "2023.07.11"]
[EventType "swiss (blitz)"]
[EventRounds "11"]
[EventCountry "USA"]
[SourceTitle "EXT 2024"]
[Source "ChessBase"]
[SourceDate "2023.10.10"]
[SourceVersion "1"]
[SourceVersionDate "2023.10.10"]
[SourceQuality "1"]

1. Nc3 Nf6 2. g4 Nxg4 3. e4 d5 4. Nxd5 c6 5. Nc3 e5 6. Bg2 Bc5 7. Nh3 Qh4 8. Qf3 0-0 9. d3 f5 10. Bg5 Qh5 11. 0-0-0 f4 12. Na4 Bd6 13. d4 h6 14. dxe5 Bxe5 15. Be7 Re8 16. Ba3 Qf7 17. Kb1 b6 18. Nc3 Be6 19. b3 Qf6 20. Ne2 g5 21. Nhg1 Bc7 22. Bb2 Ne5 23. Qc3 c5 24. Nf3 Nbc6 25. Nxe5 Bxe5 26. Qf3 Bxb2 27. e5 Nxe5 28. Qe4 f3 29. Bh3 fxe2 30. Qxe2 Bxh3 31. Qb5 Bd7 32. Rhe1 Bxb5 33. Rxe5 1-0

[Event "Titled Tuesday intern op 11th Jul Late"]
[Site "Chess.com INT"]
[Date "2023.07.11"]
[Round "5"]
[White "Upper, John"]
[Black "Forgacs, Attila Jr"]
[Result "0-1"]
[WhiteElo "1980"]
[BlackElo "2265"]
[PlyCount "60"]
[EventDate "2023.07.11"]
[EventType "swiss (blitz)"]
[EventRounds "11"]
[EventCountry "USA"]
[SourceTitle "EXT 2024"]
[Source "ChessBase"]
[SourceDate "2023.10.10"]
[SourceVersion "1"]
[SourceVersionDate "2023.10.10"]
[SourceQuality "1"]

1. Nf3 Nf6 2. c4 g6 3. Nc3 Bg7 4. e4 d6 5. d4 0-0 6. Be2 Nbd7 7. 0-0 e5 8. d5 Nc5 9. Qc2 a5 10. b3 Ne8 11. Bg5 f6 12. Be3 f5 13. Nd2 f4 14. Bxc5 dxc5 15. Qd1 h5 16. a3 Nd6 17. Nb5 Qe7 18. Re1 Ra6 19. Bxh5 gxh5 20. Qxh5 Nxb5 21. cxb5 Rh6 22. Qe2 Qh4 23. Nf1 f3 24. gxf3 Bh3 25. Ng3 Bd7 26. Nf1 Rf4 27. Rec1 Qg5+ 28. Kh1 Rfh4 29. Rxc5 Rxh2+ 30. Nxh2 Qh4 0-1

[Event "Titled Tuesday intern op 11th Apr Early"]
[Site "Chess.com INT"]
[Date "2023.04.11"]
[Round "11"]
[White "Forgacs, Attila Jr"]
[Black "Koridze, Lile"]
[Result "0-1"]
[WhiteElo "2264"]
[BlackElo "2191"]
[PlyCount "88"]
[EventDate "2023.04.11"]
[EventType "swiss (blitz)"]
[EventRounds "11"]
[EventCountry "USA"]
[SourceTitle "CBM 213 Extra"]
[Source "ChessBase"]
[SourceDate "2023.05.31"]
[SourceVersion "1"]
[SourceVersionDate "2023.05.31"]
[SourceQuality "1"]

1. a3 d5 2. Nf3 Nf6 3. g3 e6 4. Bg2 Be7 5. 0-0 0-0 6. b4 c5 7. bxc5 Bxc5 8. Bb2 Nc6 9. d3 h6 10. Nbd2 Qe7 11. e4 dxe4 12. dxe4 Rd8 13. Qe2 e5 14. Nc4 Bg4 15. Rad1 Bd4 16. h3 Bxb2 17. Nxb2 Nd4 18. Rxd4 Rxd4 19. hxg4 Rxe4 20. Qb5 a6 21. Qb3 Rxg4 22. Nc4 e4 23. Nfe5 Rg5 24. Nb6 Re8 25. Nec4 Rb5 26. Qc3 Qc5 27. Na4 Qe7 28. Rd1 Rc8 29. Qd4 Rd5 30. Qa1 Rxd1+ 31. Qxd1 Rxc4 32. Nb6 Rc6 33. Nd5 Nxd5 34. Qxd5 Re6 35. Qc4 g6 36. a4 e3 37. fxe3 Rxe3 38. Kh2 Qe5 39. Qg4 Kg7 40. Bxb7 Re2+ 41. Bg2 Rxc2 42. Kh3 Rc3 43. Be4 h5 44. Qh4 Rc4 0-1

[Event "Titled Tuesday intern op 11th Apr Late"]
[Site "Chess.com INT"]
[Date "2023.04.11"]
[Round "4"]
[White "Kostiukov, Alexandr"]
[Black "Forgacs, Attila Jr"]
[Result "0-1"]
[WhiteElo "2271"]
[BlackElo "2264"]
[PlyCount "43"]
[EventDate "2023.04.11"]
[EventType "swiss (blitz)"]
[EventRounds "11"]
[EventCountry "USA"]
[SourceTitle "CBM 213 Extra"]
[Source "ChessBase"]
[SourceDate "2023.05.31"]
[SourceVersion "1"]
[SourceVersionDate "2023.05.31"]
[SourceQuality "1"]

1. g3 g6 2. Bg2 Bg7 3. c4 Nf6 4. Nf3 0-0 5. 0-0 d6 6. d4 Nc6 7. Nc3 e5 8. h3 Re8 9. e4 exd4 10. Nxd4 Nxd4 11. Qxd4 Nxe4 12. Qd1 Nxc3 13. bxc3 Bxc3 14. Rb1 Rb8 15. Be3 b6 16. Qa4 a5 17. Bc6 Bxh3 18. Rfc1 Rxe3 19. fxe3 Be5 20. Kh2 Qh4 21. c5 Qxg3+ 22. Kh1 0-1

[Event "Titled Tuesday intern op 11th Apr Late"]
[Site "Chess.com INT"]
[Date "2023.04.11"]
[Round "2"]
[White "Passen, Brett"]
[Black "Forgacs, Attila Jr"]
[Result "1-0"]
[WhiteElo "1921"]
[BlackElo "2264"]
[PlyCount "159"]
[EventDate "2023.04.11"]
[EventType "swiss (blitz)"]
[EventRounds "11"]
[EventCountry "USA"]
[SourceTitle "CBM 213 Extra"]
[Source "ChessBase"]
[SourceDate "2023.05.31"]
[SourceVersion "1"]
[SourceVersionDate "2023.05.31"]
[SourceQuality "1"]

1. c4 e5 2. g3 g6 3. Bg2 d6 4. Nc3 Bg7 5. Rb1 a5 6. a3 f5 7. d3 Nf6 8. Nf3 Nc6 9. Bd2 0-0 10. b4 axb4 11. axb4 h6 12. b5 Ne7 13. 0-0 Be6 14. c5 Qd7 15. b6 e4 16. Nd4 dxc5 17. Nxe6 Qxe6 18. bxc7 b6 19. dxe4 Nxe4 20. Nxe4 fxe4 21. Qb3 Qxb3 22. Rxb3 Rac8 23. Rxb6 Rxc7 24. Bxe4 g5 25. Rc1 c4 26. Rb7 Rfc8 27. Rxc7 Rxc7 28. Bc3 Bxc3 29. Rxc3 Rc8 30. f3 Kf7 31. Kf2 Kf6 32. Ke3 Ke5 33. f4+ gxf4+ 34. gxf4+ Kd6 35. Kd4 Rf8 36. e3 Rg8 37. Rxc4 Rg1 38. Ra4 Rd1+ 39. Kc3 Re1 40. Kd2 Rf1 41. Ra6+ Kc5 42. Rxh6 Rf2+ 43. Kd3 Ng8 44. Rh5+ Kb4 45. Rh8 Nf6 46. Rb8+ Kc5 47. Rc8+ Kd6 48. Rc6+ Ke7 49. h4 Rh2 50. Rc7+ Kd6 51. Rc6+ Ke7 52. Ra6 Nd7 53. Ra7 Kd6 54. Kd4 Rxh4 55. Ra6+ Ke7 56. Ra7 Rh2 57. Bf5 Rd2+ 58. Ke4 Rd1 59. Rxd7+ Rxd7 60. Bxd7 Kxd7 61. Kf5 Ke7 62. e4 Kf7 63. e5 Ke7 64. e6 Ke8 65. Ke5 Kf8 66. f5 Ke7 67. f6+ Ke8 68. Kd6 Kd8 69. e7+ Ke8 70. f7+ Kxf7 71. Kd7 Kf6 72. e8Q Kf5 73. Qe6+ Kf4 74. Kd6 Kg3 75. Qf5 Kh2 76. Qg5 Kh1 77. Ke5 Kh2 78. Kf4 Kh1 79. Kf3 Kh2 80. Qg2# 1-0

[Event "Titled Tuesday intern op 11th Apr Early"]
[Site "Chess.com INT"]
[Date "2023.04.11"]
[Round "1"]
[White "Sadhwani, Raunak"]
[Black "Forgacs, Attila Jr"]
[Result "1-0"]
[WhiteElo "2627"]
[BlackElo "2264"]
[PlyCount "101"]
[EventDate "2023.04.11"]
[EventType "swiss (blitz)"]
[EventRounds "11"]
[EventCountry "USA"]
[SourceTitle "CBM 213 Extra"]
[Source "ChessBase"]
[SourceDate "2023.05.31"]
[SourceVersion "1"]
[SourceVersionDate "2023.05.31"]
[SourceQuality "1"]

1. Nf3 Nf6 2. b3 g6 3. Bb2 Bg7 4. g3 0-0 5. Bg2 c5 6. 0-0 Nc6 7. c4 d6 8. d4 cxd4 9. Nxd4 Nxd4 10. Qxd4 Ne8 11. Qd2 Bxb2 12. Qxb2 Nf6 13. Nc3 Qc7 14. e4 Bd7 15. h3 Bc6 16. Kh2 Rac8 17. f4 a6 18. a4 Qb6 19. Rac1 h5 20. b4 h4 21. gxh4 Qd4 22. Qe2 Nh5 23. b5 Bd7 24. Nd5 Rfe8 25. Bf3 e6 26. Rfd1 Qh8 27. Nb6 Nxf4 28. Qe3 Qe5 29. Nxd7 Nd5+ 30. Nxe5 Nxe3 31. Re1 dxe5 32. Rxe3 Rc5 33. Be2 Rec8 34. Rd1 Kf8 35. Rd7 R5c7 36. Rd6 Ke7 37. Rb6 axb5 38. axb5 Ra8 39. c5 Ra4 40. c6 bxc6 41. bxc6 Ra2 42. Kg3 Rc2 43. Bb5 Rc5 44. Rd3 Rc1 45. Rd7+ Rxd7 46. cxd7 Rg1+ 47. Kf2 Rd1 48. Rb8 Rd4 49. Re8+ Kf6 50. d8Q+ Rxd8 51. Rxd8 1-0

[Event "Titled Tuesday intern op 11th Apr Early"]
[Site "Chess.com INT"]
[Date "2023.04.11"]
[Round "5"]
[White "Szmyd, Arkadiusz"]
[Black "Forgacs, Attila Jr"]
[Result "1-0"]
[WhiteElo "2053"]
[BlackElo "2264"]
[PlyCount "85"]
[EventDate "2023.04.11"]
[EventType "swiss (blitz)"]
[EventRounds "11"]
[EventCountry "USA"]
[SourceTitle "CBM 213 Extra"]
[Source "ChessBase"]
[SourceDate "2023.05.31"]
[SourceVersion "1"]
[SourceVersionDate "2023.05.31"]
[SourceQuality "1"]

1. e4 e5 2. Nc3 Nf6 3. f4 d5 4. fxe5 Nxe4 5. Nf3 Be7 6. Qe2 Nxc3 7. dxc3 c5 8. Bf4 Be6 9. 0-0-0 Nc6 10. h4 Qa5 11. Kb1 d4 12. c4 b5 13. Nd2 h5 14. g3 0-0 15. Bh3 Bxh3 16. Rxh3 Rfd8 17. cxb5 Nb4 18. a3 d3 19. cxd3 Nxd3 20. Nc4 Nxf4 21. gxf4 Qxb5 22. Rc3 Rd4 23. Rdc1 Rb8 24. R1c2 Rxf4 25. e6 Bxh4 26. exf7+ Rxf7 27. Qxh5 Rf1+ 28. Ka2 Bf6 29. Rh3 Rf4 30. Qd5+ Kf8 31. Rh8+ Ke7 32. Qd6+ Kf7 33. Qd5+ Kg6 34. Rg2+ Bg5 35. Qxg5+ Kf7 36. Qxg7+ Ke6 37. Re2+ Kd5 38. Qe5+ Kc6 39. Rh6+ Kb7 40. Qd5+ Kc8 41. Rh8+ Kc7 42. Re7+ Qd7 43. Rxd7# 1-0

[Event "Titled Tuesday intern op 11th Apr Late"]
[Site "Chess.com INT"]
[Date "2023.04.11"]
[Round "6"]
[White "Ward, Ieuan C"]
[Black "Forgacs, Attila Jr"]
[Result "0-1"]
[WhiteElo "2028"]
[BlackElo "2264"]
[PlyCount "64"]
[EventDate "2023.04.11"]
[EventType "swiss (blitz)"]
[EventRounds "11"]
[EventCountry "USA"]
[SourceTitle "CBM 213 Extra"]
[Source "ChessBase"]
[SourceDate "2023.05.31"]
[SourceVersion "1"]
[SourceVersionDate "2023.05.31"]
[SourceQuality "1"]

1. d4 Nf6 2. c4 d6 3. Nc3 Nbd7 4. Nf3 g6 5. g3 Bg7 6. Bg2 0-0 7. 0-0 e5 8. dxe5 dxe5 9. h3 c6 10. Be3 Qe7 11. Qc2 Nh5 12. Rac1 f5 13. Bg5 Ndf6 14. a3 h6 15. Bxf6 Qxf6 16. Na4 e4 17. Ne1 e3 18. fxe3 Nxg3 19. Rf3 Ne4 20. Rf4 g5 21. Rf1 Qe7 22. b4 Bd7 23. c5 Ng3 24. Rf3 Nh5 25. Qb3+ Be6 26. Qc2 g4 27. hxg4 fxg4 28. Rxf8+ Rxf8 29. Nc3 Qh4 30. Nd3 g3 31. Bf3 Qh2+ 32. Kf1 Qh1# 0-1

[Event "Titled Tuesday intern op 04th Apr Early"]
[Site "Chess.com INT"]
[Date "2023.04.04"]
[Round "5"]
[White "Forgacs, Attila Jr"]
[Black "Huerter, Helmut"]
[Result "1-0"]
[WhiteElo "2264"]
[BlackElo "2237"]
[PlyCount "51"]
[EventDate "2023.04.04"]
[EventType "swiss (blitz)"]
[EventRounds "11"]
[EventCountry "USA"]
[SourceTitle "EXT 2024"]
[Source "ChessBase"]
[SourceDate "2023.10.10"]
[SourceVersion "1"]
[SourceVersionDate "2023.10.10"]
[SourceQuality "1"]

1. a3 e5 2. e4 Nc6 3. Nf3 Nf6 4. Nc3 d5 5. exd5 Nxd5 6. Bb5 Nxc3 7. bxc3 Bd6 8. 0-0 0-0 9. d4 exd4 10. cxd4 Bg4 11. c3 Qf6 12. Bd3 Bxf3 13. Qxf3 Qxf3 14. gxf3 Ne7 15. Rd1 Ng6 16. Be3 c6 17. a4 Rfe8 18. Rab1 Re7 19. c4 Rae8 20. d5 c5 21. a5 Nh4 22. Be2 Nf5 23. Rd3 Bf4 24. Bxf4 Rxe2 25. d6 Nh4 26. Kf1 1-0

[Event "Titled Tuesday intern op 04th Apr Early"]
[Site "Chess.com INT"]
[Date "2023.04.04"]
[Round "11"]
[White "Forgacs, Attila Jr"]
[Black "Molina, Roberto Junio Brito"]
[Result "1-0"]
[WhiteElo "2264"]
[BlackElo "2403"]
[PlyCount "47"]
[EventDate "2023.04.04"]
[EventType "swiss (blitz)"]
[EventRounds "11"]
[EventCountry "USA"]
[SourceTitle "EXT 2024"]
[Source "ChessBase"]
[SourceDate "2023.10.10"]
[SourceVersion "1"]
[SourceVersionDate "2023.10.10"]
[SourceQuality "1"]

1. e4 c6 2. d4 d5 3. Nd2 dxe4 4. Nxe4 Nd7 5. Ng5 Ngf6 6. Bd3 h6 7. Ne6 Qb6 8. Nxf8 Nxf8 9. c3 Bg4 10. Nf3 e6 11. 0-0 N8d7 12. h3 Bxf3 13. Qxf3 0-0 14. Qg3 Kh8 15. b3 a5 16. Be3 Qd8 17. Rfe1 Re8 18. Qh4 Nd5 19. Qe4 N7f6 20. Qh4 Nxc3 21. Bxh6 gxh6 22. Qxh6+ Kg8 23. Re3 Nh5 24. Bh7+ 1-0

[Event "Titled Tuesday intern op 04th Apr Early"]
[Site "Chess.com INT"]
[Date "2023.04.04"]
[Round "7"]
[White "Forgacs, Attila Jr"]
[Black "Vila Dupla, Aurelio"]
[Result "1-0"]
[WhiteElo "2264"]
[BlackElo "2030"]
[PlyCount "83"]
[EventDate "2023.04.04"]
[EventType "swiss (blitz)"]
[EventRounds "11"]
[EventCountry "USA"]
[SourceTitle "EXT 2024"]
[Source "ChessBase"]
[SourceDate "2023.10.10"]
[SourceVersion "1"]
[SourceVersionDate "2023.10.10"]
[SourceQuality "1"]

1. a3 d5 2. Nf3 Nf6 3. g3 g6 4. Bg2 Bg7 5. 0-0 0-0 6. d3 c5 7. Nc3 Nc6 8. e4 h6 9. exd5 Nxd5 10. Nxd5 Qxd5 11. Re1 Qh5 12. Rb1 a5 13. Nd2 Bg4 14. f3 Bd7 15. Nc4 Rad8 16. Be3 b5 17. Nb6 Be6 18. f4 Bg4 19. Qd2 Rb8 20. Na4 Nd4 21. Nxc5 Qxc5 22. c3 Qd6 23. cxd4 Bxd4 24. Bxd4 Qxd4+ 25. Qe3 Qxe3+ 26. Rxe3 Be6 27. d4 Rfd8 28. Rd1 Kf8 29. d5 Bg4 30. Rd2 Rd6 31. h3 Be6 32. Red3 Rbd8 33. Kf2 Bf5 34. Rc3 e6 35. Rc5 Rb8 36. b4 axb4 37. axb4 exd5 38. Rdxd5 Rxd5 39. Bxd5 Bd3 40. Ke3 Re8+ 41. Kxd3 Re1 42. Rxb5 1-0

[Event "Titled Tuesday intern op 21st Mar Late"]
[Site "Chess.com INT"]
[Date "2023.03.21"]
[Round "4"]
[White "Bullen, Alex"]
[Black "Forgacs, Attila Jr"]
[Result "0-1"]
[WhiteElo "2148"]
[BlackElo "2259"]
[PlyCount "70"]
[EventDate "2023.03.21"]
[EventType "swiss (blitz)"]
[EventRounds "11"]
[EventCountry "USA"]
[SourceTitle "EXT 2024"]
[Source "ChessBase"]
[SourceDate "2023.10.10"]
[SourceVersion "1"]
[SourceVersionDate "2023.10.10"]
[SourceQuality "1"]

1. d4 a6 2. e4 b5 3. a4 b4 4. c3 bxc3 5. Nxc3 Bb7 6. Bc4 e6 7. Qe2 Nf6 8. Bg5 h6 9. Bh4 Be7 10. Nf3 Nc6 11. d5 Na5 12. dxe6 fxe6 13. Ba2 0-0 14. Rd1 Qe8 15. 0-0 Bb4 16. Bg3 Bxc3 17. bxc3 Nxe4 18. Bxc7 Nxc3 19. Qc2 Nxd1 20. Bxa5 Bxf3 21. gxf3 Qh5 22. Qxd1 Qxa5 23. Qxd7 Kh8 24. Qxe6 Rf6 25. Qe4 Raf8 26. Bb1 g6 27. Rd1 Qf5 28. Qe7 Qxf3 29. Rd2 Qg4+ 30. Kh1 Qg5 31. Rd7 Qc1+ 32. Kg2 Rxf2+ 33. Kg3 Qg1+ 34. Kh3 Qg2+ 35. Kh4 R2f4# 0-1

[Event "Titled Tuesday intern op 21st Mar Early"]
[Site "Chess.com INT"]
[Date "2023.03.21"]
[Round "10"]
[White "Demin, Vladimir"]
[Black "Forgacs, Attila Jr"]
[Result "0-1"]
[WhiteElo "2430"]
[BlackElo "2259"]
[PlyCount "42"]
[EventDate "2023.03.21"]
[EventType "swiss (blitz)"]
[EventRounds "11"]
[EventCountry "USA"]
[SourceTitle "EXT 2024"]
[Source "ChessBase"]
[SourceDate "2023.10.10"]
[SourceVersion "1"]
[SourceVersionDate "2023.10.10"]
[SourceQuality "1"]

1. e4 e5 2. Nf3 Nc6 3. Bb5 a6 4. Bxc6 dxc6 5. 0-0 Bg4 6. h3 Bh5 7. g4 Bg6 8. Nxe5 Qh4 9. Qf3 f6 10. Nxg6 hxg6 11. Kg2 g5 12. d3 Ne7 13. Qg3 Qh7 14. f4 Ng6 15. fxg5 Bd6 16. Qe3 fxg5 17. e5 Nf4+ 18. Kf2 Qh4+ 19. Qg3 Bc5+ 20. Kf3 Qxg3+ 21. Kxg3 Rxh3# 0-1